Formel 1 Podium 1989 - Statistiken

Allgemein
  • Dieses Quiz wurde 110 mal gespielt
  • Das Durchschnittsergebnis liegt bei 7 aus 13
Antwortstatistiken
Antwort % Korrekt
Alain Prost
100%
Ayrton Senna
100%
Nigel Mansell
91%
Gerhard Berger
84%
Riccardo Patrese
56%
Thierry Boutsen
52%
Alessandro Nannini
46%
Michele Alboreto
32%
Andrea de Cesaris
25%
Stefan Johansson
22%
Eddie Cheever
21%
Mauricio Gugelmin
16%
Stefano Modena
14%
Keine übereinstimmenden Quizze gefunden
Verteilung der Resultate
Anzahl Personen mit jedem Resultat
Perzentil nach korrekt beantworteten Fragen
Ihre Resultats-Entwicklung
Sie haben dieses Quiz noch nicht gespielt